| 000 | 00885nam a2200241 a 4500 | ||
|---|---|---|---|
| 003 | MX-MxUPN | ||
| 005 | 20241001063928.0 | ||
| 008 | 991125s1940 mx a fr 000 0 spa d | ||
| 035 | _aUPN01000009756 | ||
| 040 |
_aMX-MxUPN _bspa _cMX-MxUPN |
||
| 041 | 0 | _aspa | |
| 050 | 4 |
_aLB1597 M6 _bC6.3 |
|
| 100 | 1 |
_aComas, Juan, _d1900-1979 _930643 |
|
| 245 | 1 | 0 | _aCómo se comprueba el trabajo escolar |
| 260 |
_aMéxico : _bEDIAPSA, _c1940. |
||
| 300 |
_a152 páginas, [1] h. pleg. : _bilustraciones |
||
| 490 | 0 | _aEdiciones pedagógicas y escolares III. Organización y realizaciones escolares | |
| 650 | 4 |
_aMediciones y pruebas educativas _94299 |
|
| 710 | 2 |
_aMuseo Pedagógico Nacional (México) _951335 _epropietario anterior |
|
| 710 | 2 |
_aInstituto Nacional de Investigación Educativa (México) _epropietario anterior _928086 |
|
| 902 | _b MaríaRobles/2970824 | ||
| 942 |
_2lcc _cLIBRO _n0 |
||
| 999 |
_c9756 _d9756 |
||